Operating Systems (Record no. 316242)

MARC details
000 -LEADER
fixed length control field 00437nam a2200157Ia 4500
008 - FIXED-LENGTH DATA ELEMENTS--GENERAL INFORMATION
fixed length control field 230718s9999 xx 000 0 und d
041 ## - LANGUAGE CODE
Language code of text/sound track or separate title eng
082 ## - DEWEY DECIMAL CLASSIFICATION NUMBER
Classification number 005.43
Item number DHA
100 ## - MAIN ENTRY--PERSONAL NAME
Personal name Dhamdhere D.M.
9 (RLIN) 111825
245 ## - TITLE STATEMENT
Title Operating Systems
Remainder of title A Concepts-Based Approach
250 ## - EDITION STATEMENT
Edition statement 2nd ed.
260 ## - PUBLICATION, DISTRIBUTION, ETC. (IMPRINT)
Name of publisher, distributor, etc. Tata Mc-graw Hill Pub.
365 ## - TRADE PRICE
Currency code Rs.
Price amount 325.00
700 ## - ADDED ENTRY--PERSONAL NAME
Personal name Dhamdhere D.M.
9 (RLIN) 111825
906 ## - LOCAL DATA ELEMENT F, LDF (RLIN)
d B:106070161713-Mar-2007
c IT
b 65
Holdings
Withdrawn status Lost status Damaged status Not for loan Home library Current library Date acquired Vendor Budget Code Cost, normal purchase price Bill number Total Checkouts Full call number Barcode Date last seen Discount Cost, replacement price Bill Date Koha item type Original Barcode
        Cummins College of Engineering for Women Pune Cummins College of Engineering for Women Pune 30/03/2007 Varma Book Distributors IT 260.00 1060701617   005.43 CCEP-BK-27449 18/07/2023 65 325.00 13/03/2007 Books 027449